000 00340nam a22001457a 4500
008 210322b ||||| |||| 00| 0 eng d
020 _a0879011947
041 _aeng
080 _a616.073
082 _a616.073
100 _a6
101 _aGJEN
245 _aThe Developing Person Through the Life Span
_cBerger, K. S
942 _2udc
_cBK
999 _c56652
_d56652